Les lieux de capture des Pokémon légendaires - Statistiques

Statistiques générales
  • Ce quiz a été pris 43 fois
  • Le résultat moyen est 20 sur 65
Statistiques - réponses
Pokémon Lieu de capture % Correct
Electhor Centrale
88%
Mewtwo Grotte Inconnue/Caverne Azurée
76%
Shaymin (évènement) Paradis Fleuri
76%
Sulfura Route Victoire
76%
Terrakium Salle Epreuve
76%
Artikodin Iles Ecume
70%
Giratina Monde Distorsion/Grotte Retour
70%
Créfadet Caverne Courage
67%
Créhelf Caverne Savoir
64%
Lugia Tourb'Iles
64%
Ho Oh Tour Ferraille/Tour Carillon
64%
Dialga Colonnes Lances
61%
Palkia Colonnes Lances
61%
Arceus (évènement) Colonnes Lances
61%
Cresselia Ile Pleine Lune
58%
Rayquaza Pilier Celeste
58%
Darkrai (évènement) Ile Nouvelle Lune
45%
Reshiram Palais de N/Tour Dragospire
45%
Zekrom Palais de N/Tour Dragospire
45%
Kyogre Grotte Origine
42%
Groudon Grotte Origine
42%
Heatran Mont Abrupt
39%
Lunala Autel de la Lune
36%
Solgaleo Autel du Soleil
36%
Celebi (évènement) Bois aux Chênes
36%
Zygarde Grotte Coda
36%
Kyurem Grotte Cyclopéenne
33%
Xerneas Cromlac'h
30%
Yveltal Cromlac'h
30%
Regigigas Temple Frimapic
30%
Viridium Clairière Réflexion
27%
Koraidon Cratère de Paldea
27%
Miraidon Cratère de Paldea
27%
Démétéros Autel Abondance
24%
Ethernatos Kickenham/Tour Shehroz
24%
Cobaltium Espace Guide
21%
Zacian Forêt de Sleepwood
21%
Zamazenta Forêt de Sleepwood
21%
Victini (évènement) Ile Liberté
21%
Amovénus Marais Carlate
15%
Tokopisco Ruines de l'Au-Delà
15%
Ama-Ama Forêt de Poni
12%
Pierriteknik Forêt de Poni
12%
Regice Grotte Island/Grotte de l'Ilot
12%
Tokopiyon Ruines de l'Eveil
12%
Engloutyran Caverne Coda
9%
Deoxys (évènement) Ile Aurore
9%
Regirock Ruines Désert
9%
Regieleki Ruines du Choix
9%
Regidrago Ruines du Choix
9%
Tokorico Ruines du Conflit
9%
Chongjian Sanctuaire du Bois Mourant
9%
Yuyu Sanctuaire du Feu Ravageur
9%
Baojian Sanctuaire du Froid Cruel
9%
Blizzeval Temple Couronne
9%
Spectreval Temple Couronne
9%
Registeel Tombeau Antique
9%
Ogerpon Antre Interdit
6%
Mouscoto Jardin de Mele-Mele
6%
Necrozma Caldeira Tutofon
3%
Dinglu Sanctuaire du Sol Corrompu
3%
Cancrelove Grotte Verdoyante
0%
Sylveroy Hameau Glacé
0%
Tokotoro Ruines de l'Abondance
0%
Cosmog Temple du Halo Lunaire/Temple du Halo Solaire
0%
Aucun quiz correspondant
Distribution des résultats
% des personnes avec chaque résultat
Percentile par nombre de réponses
Votre historique - résultats
Vous n’avez pas pris ce quiz